| 000 | 00000nam 2200000za 4500 |
| 001 | 9.843015 |
| 003 | CaOODSP |
| 005 | 20221107152440 |
| 007 | cr ||||||||||| |
| 008 | 170906s2017 quc o f000 0 eng d |
| 020 | |a978-0-660-09500-4 |
| 040 | |aCaOODSP|beng |
| 043 | |an-cn--- |
| 086 | 1 |aEn14-282/2017E-PDF |
| 245 | 00|aOff-Road Small Spark-Ignition Engine Emission Regulations under the Canadian Environmental Protection Act, 1999 |h[electronic resource] : |bguidance document : step by step guide to compliance. |
| 260 | |aGatineau, QC : |bEnvironment and Climate Change Canada, |cc2017. |
| 300 | |aiv, 45 p. |
| 500 | |aIssued also in French under title: Règlement sur les émissions des petits moteurs hors route à allumage commandé en vertu de la Loi canadienne sur la protection de l’environnement, 1999 : document d’orientation : guide étape par étape pour vous conformer. |
| 500 | |aCover title. |
| 520 | |a"This step-by-step interactive guide is to help you (manufacturer, importer or distributor) understand the various requirements of the Small Spark-Ignition Engine Emission Regulations. As you select the details that are specific to your situation, additional details will appear”--How this guide works, p. iv. |
| 692 | 07|2gccst|aAtmospheric emissions |
| 692 | 07|2gccst|aPollution control |
| 692 | 07|2gccst|aRegulations |
| 693 | 4|aSpark ignition engines |
| 710 | 1 |aCanada. |bEnvironment and Climate Change Canada. |
| 775 | 08|tRèglement sur les émissions des petits moteurs hors route à allumage commandé en vertu de la Loi canadienne sur la protection de l’environnement, 1999 |w(CaOODSP)9.843016 |
| 856 | 40|qPDF|s4.40 MB|uhttps://publications.gc.ca/collections/collection_2018/eccc/En14-282-2017-eng.pdf |